Head first : 10 ways to tap into your natural genius
| Main Author: | |
|---|---|
| Format: | Book |
| Published: |
London :
Thorsons ,
2000
|
| Subjects: |
MARC
| LEADER | 00000cam a2200000 7i4500 | ||
|---|---|---|---|
| 001 | 0000012532 | ||
| 005 | 20050420.0 | ||
| 020 | |a 0722540469 | ||
| 040 | |a INS | ||
| 090 | 0 | 0 | |a PL351.555 |b B988 2000 |
| 100 | 1 | |a Buzan, Tony | |
| 245 | 1 | 0 | |a Head first : |b 10 ways to tap into your natural genius |c Tony Buzan |
| 260 | |a London : |b Thorsons , |c 2000 | ||
| 300 | |a 220p : |b 21cm | ||
| 650 | 0 | 0 | |a Emotional intelligence |
| 650 | 0 | 0 | |a Intelligence level |
| 650 | 0 | 0 | |a Self-actualization (psychology) |
| 999 | |a 0000013140 |b BOOK |c Open Shelf |e Default branch | ||